000 01125 a2200253 4500
005 20260327153423.0
008 260327b |||||||| |||| 00| 0 eng d
020 _a9789326352475 (hbk)
037 _cTB
040 _aCRL
_cCRL
041 _2hin
_ahin
084 _aO152,6:g Q5
_qCRL
100 _aसिंह, विजयमोहन
_9860671
245 _aआधुनिक हिन्दी गद्य साहित्य का विकास और विश्लेषण
250 _aसंस्करण 2
260 _aनयी दिल्ली, भारत:
_bभारतीय ज्ञानपीठ,
_c2015.
300 _a711पृ.
365 _b750.00
_cINR
490 _aलोकोदय ग्रंथमाला: ग्रंथांक 1213
650 _aहिन्दी निबंध
650 _aहिन्दी साहित्य
942 _cTB
_2CC
_eसंस्करण 2
_hO152,6:g Q5
999 _c1466694
_d1466694